[Event "European Youth Chess Championship B18"]
[Site "Prague, Top Hotel Prague"]
[Date "2016.08.18"]
[Round "1.26"]
[White "Tuomainen, Felix"]
[Black "Marek, Matyas"]
[Result "1/2-1/2"]
[WhiteElo "2087"]
[BlackElo "2389"]
[PlyCount "77"]
[EventDate "2016.08.18"]

1. d4 Nf6 2. c4 c5 3. d5 b5 4. cxb5 a6 5. bxa6 g6 6. Nc3 Bg7 7. e4 O-O 8. Nf3
Qa5 9. Bd2 Bxa6 10. Bxa6 Qxa6 11. Qe2 e6 12. Qxa6 Nxa6 13. dxe6 fxe6 14. O-O
Nb4 15. Ne1 d5 16. exd5 exd5 17. a3 Nc6 18. Bg5 Ne4 19. Nxe4 dxe4 20. Rc1 Rf5
21. Be3 Nd4 22. Kh1 Nb3 23. Rc4 Bxb2 24. Rxe4 Rxa3 25. Nf3 Bf6 26. Rb1 Rd5 27.
h3 Ra1 28. Rxa1 Nxa1 29. Re8+ Kf7 30. Rc8 Nb3 31. Rc7+ Kg8 32. g3 Nd4 33. Rc8+
Kg7 34. Rc7+ Kg8 35. Rc8+ Kf7 36. Rc7+ Kg8 37. Rc8+ Kg7 38. Rc7+ Kg8 39. Rc8+
1/2-1/2

[Event "European Youth Chess Championship B18"]
[Site "Prague, Top Hotel Prague"]
[Date "2016.08.18"]
[Round "1.27"]
[White "Plenca, Jadranko"]
[Black "Shpati, Ted"]
[Result "1-0"]
[WhiteElo "2389"]
[BlackElo "2084"]
[PlyCount "71"]
[EventDate "2016.08.18"]

1. e4 c5 2. Nf3 Nc6 3. Bb5 Nf6 4. e5 Nd5 5. Nc3 Nc7 6. Bxc6 dxc6 7. h3 Bf5 8.
Nh4 Bg6 9. d3 e6 10. Nxg6 hxg6 11. Qe2 Be7 12. Bd2 Nb5 13. O-O-O Nxc3 14. Bxc3
Qd5 15. f4 Qxa2 16. b3 c4 17. dxc4 Ba3+ 18. Kd2 O-O-O+ 19. Ke3 Rxd1 20. Rxd1
Bb2 21. Qd2 Bxc3 22. Qxc3 Qa6 23. Ra1 Qb6+ 24. c5 Qb5 25. Kf2 Rh4 26. Kg3 g5
27. Rxa7 Kb8 28. Ra1 Rh8 29. Qd4 gxf4+ 30. Kf2 Rc8 31. b4 b6 32. cxb6 Qd5 33.
Ra8+ Kb7 34. Ra7+ Kb8 35. Qa1 c5 36. b7 1-0

[Event "European Youth Chess Championship B18"]
[Site "Prague, Top Hotel Prague"]
[Date "2016.08.18"]
[Round "1.28"]
[White "Pozun, Matej"]
[Black "Huber, Martin Christian"]
[Result "0-1"]
[WhiteElo "2078"]
[BlackElo "2377"]
[PlyCount "78"]
[EventDate "2016.08.18"]

1. e4 e5 2. Nf3 Nc6 3. Bb5 a6 4. Ba4 Nf6 5. O-O Be7 6. Re1 b5 7. Bb3 d6 8. c3
O-O 9. h3 Na5 10. Bc2 c5 11. d4 Nd7 12. Be3 Re8 13. Nbd2 exd4 14. cxd4 Nc6 15.
Nf1 Bf6 16. Ng3 g6 17. Ne2 Bb7 18. Nc3 cxd4 19. Nxd4 Rc8 20. Nxc6 Rxc6 21. Qd2
Ne5 22. Bb3 Nc4 23. Bxc4 Rxc4 24. Rad1 Be5 25. f3 Qa5 26. Rc1 Rec8 27. a3 Qc7
28. Red1 Qd7 29. Re1 a5 30. Ne2 b4 31. axb4 Rxb4 32. Bd4 Qb5 33. Rxc8+ Bxc8 34.
Rc1 Be6 35. Bxe5 dxe5 36. Qd8+ Kg7 37. Nc3 Qc5+ 38. Kh1 Rxb2 39. Qg5 Qd4 0-1

[Event "European Youth Chess Championship B18"]
[Site "Prague, Top Hotel Prague"]
[Date "2016.08.18"]
[Round "1.29"]
[White "Tutisani, Noe"]
[Black "Jonsson, Gauti Pall"]
[Result "1-0"]
[WhiteElo "2366"]
[BlackElo "2075"]
[PlyCount "51"]
[EventDate "2016.08.18"]

1. e4 c5 2. Nf3 e6 3. d4 cxd4 4. Nxd4 a6 5. c4 Nf6 6. Nc3 Qc7 7. a3 d6 8. Be2
Nbd7 9. Be3 Be7 10. O-O O-O 11. f3 b6 12. Qd2 Bb7 13. Rfd1 Rac8 14. Rac1 Qb8
15. b4 Rfe8 16. Kh1 g6 17. Bg1 Rc7 18. Nb3 Ne5 19. Bxb6 Rc6 20. c5 dxc5 21.
Bxc5 Bxc5 22. Nxc5 a5 23. Qg5 Rxc5 24. bxc5 Ned7 25. Bb5 Qc7 26. c6 1-0

[Event "European Youth Chess Championship B18"]
[Site "Prague, Top Hotel Prague"]
[Date "2016.08.18"]
[Round "1.30"]
[White "Markocic, Tine"]
[Black "Percivaldi, Martin"]
[Result "1/2-1/2"]
[WhiteElo "2073"]
[BlackElo "2361"]
[PlyCount "122"]
[EventDate "2016.08.18"]

1. e4 e6 2. d4 d5 3. Nc3 Bb4 4. e5 c5 5. a3 Bxc3+ 6. bxc3 Qa5 7. Bd2 Qa4 8. Be3
c4 9. h4 Nc6 10. Rh3 Nge7 11. h5 h6 12. g4 Bd7 13. Ne2 O-O-O 14. Ng3 Rdf8 15.
f4 f5 16. Be2 a6 17. Kd2 Qa5 18. Qb1 Rf7 19. gxf5 Nxf5 20. Nxf5 Rxf5 21. Rg3
Rf7 22. Qb2 Ne7 23. Bg4 Rg8 24. Rag1 Nf5 25. Bxf5 Rxf5 26. Rxg7 Rxg7 27. Rxg7
Rxh5 28. Qb4 Rh2+ 29. Kc1 Qxb4 30. axb4 h5 31. Rh7 h4 32. f5 exf5 33. Bf4 Rh1+
34. Kd2 Be6 35. Re7 Rf1 36. Bg5 Bd7 37. Bxh4 Rf4 38. Bg3 Re4 39. Rf7 Be6 40.
Re7 Bd7 41. Rf7 Rg4 42. Rf8+ Kc7 43. e6+ Rxg3 44. exd7 Rg2+ 45. Kc1 Kxd7 46.
Rxf5 Ke6 47. Rh5 Rf2 48. Kb2 Rf7 49. Rh6+ Rf6 50. Rh7 Rf7 51. Rh6+ Kd7 52. Rg6
Kc7 53. Rh6 Rd7 54. Ka3 Rd6 55. Rh7+ Kc6 56. Ka4 Rg6 57. Ka5 Re6 58. Rg7 Rh6
59. Rf7 Rh3 60. Rf6+ Kc7 61. Rf7+ Kc6 1/2-1/2

[Event "European Youth Chess Championship B18"]
[Site "Prague, Top Hotel Prague"]
[Date "2016.08.18"]
[Round "1.31"]
[White "O`Donnell, Conor"]
[Black "Whatley, Stephen A J"]
[Result "1-0"]
[WhiteElo "2347"]
[BlackElo "2073"]
[PlyCount "59"]
[EventDate "2016.08.18"]

1. d4 Nf6 2. c4 c5 3. d5 b5 4. cxb5 a6 5. bxa6 g6 6. Nc3 Bg7 7. e4 O-O 8. a7
Rxa7 9. Nf3 d6 10. Be2 Ba6 11. O-O Nfd7 12. Nb5 Bxb5 13. Bxb5 Na6 14. a4 Nb4
15. Qb3 Nb6 16. Bd2 Na6 17. Bc3 c4 18. Qc2 Bxc3 19. Qxc3 Nc5 20. a5 Na8 21.
Qxc4 f5 22. exf5 Rxf5 23. Nd4 Rf4 24. g3 Rg4 25. b4 Nd7 26. f4 Nf6 27. Nc6 Qc7
28. Nxa7 Qxa7+ 29. Kg2 Nh5 30. Qc8+ 1-0

[Event "European Youth Chess Championship B18"]
[Site "Prague, Top Hotel Prague"]
[Date "2016.08.18"]
[Round "1.32"]
[White "Sucharda, David"]
[Black "Portela, Peleteiro Alberto"]
[Result "0-1"]
[WhiteElo "2051"]
[BlackElo "2340"]
[PlyCount "58"]
[EventDate "2016.08.18"]

1. d4 Nf6 2. c4 g6 3. f3 Bg7 4. e4 d6 5. Nc3 O-O 6. Be3 e5 7. Nge2 Nbd7 8. Qd2
a6 9. g4 exd4 10. Nxd4 c5 11. Nc2 Ne5 12. Be2 Be6 13. g5 Nh5 14. Nd5 b5 15. O-O
bxc4 16. Na3 Rb8 17. Rab1 f5 18. f4 Nd3 19. Bxd3 cxd3 20. Qxd3 fxe4 21. Qd2 Rf5
22. Nc3 d5 23. Bxc5 Nxf4 24. Kh1 Nd3 25. Bg1 Qxg5 26. Qxg5 Rxg5 27. Be3 Rh5 28.
Nc2 Be5 29. Bg1 Bg4 0-1

[Event "European Youth Chess Championship B18"]
[Site "Prague, Top Hotel Prague"]
[Date "2016.08.18"]
[Round "1.33"]
[White "Grigorian, Spartak"]
[Black "Koehn, Lennart"]
[Result "1-0"]
[WhiteElo "2340"]
[BlackElo "2048"]
[PlyCount "33"]
[EventDate "2016.08.18"]

1. d4 Nf6 2. c4 e6 3. Nf3 Bb4+ 4. Nbd2 b6 5. a3 Bxd2+ 6. Qxd2 a5 7. g3 Bb7 8.
Bg2 d6 9. b3 Nbd7 10. Bb2 Qe7 11. O-O Ne4 12. Qc2 f5 13. d5 exd5 14. cxd5 Bxd5
15. Rfd1 Qf7 16. Ng5 Bxb3 17. Qc6 1-0

[Event "European Youth Chess Championship B18"]
[Site "Prague, Top Hotel Prague"]
[Date "2016.08.18"]
[Round "1.34"]
[White "Krutsky, Martin"]
[Black "Sawlin, Leonid"]
[Result "1/2-1/2"]
[WhiteElo "2035"]
[BlackElo "2322"]
[PlyCount "138"]
[EventDate "2016.08.18"]

1. e4 e6 2. d4 d5 3. e5 c5 4. c3 Nc6 5. Nf3 Bd7 6. a3 f6 7. Bd3 Qc7 8. O-O c4
9. Bc2 O-O-O 10. Re1 h6 11. b3 cxb3 12. Bxb3 fxe5 13. Nxe5 Nxe5 14. dxe5 Ne7
15. Be3 Nc6 16. Bd4 g5 17. Ba4 Na5 18. Nd2 Kb8 19. Bxd7 Qxd7 20. Rb1 Rc8 21.
Qe2 Nc4 22. Nxc4 Rxc4 23. Qe3 Qa4 24. Qf3 Qe8 25. Rb3 Bc5 26. Reb1 Rh7 27. Qe3
Qc6 28. h3 Rf7 29. Qd3 Bxd4 30. cxd4 Rc1+ 31. Rxc1 Qxc1+ 32. Qf1 Qc2 33. Rb1
Qc3 34. Qb5 Re7 35. Qb4 Qxb4 36. Rxb4 Rc7 37. Rb3 Rc1+ 38. Kh2 Rd1 39. Rf3 Rxd4
40. Rf6 Rf4 41. Kg3 Ra4 42. Rxe6 Rxa3+ 43. Kg4 Ra4+ 44. Kf5 Rf4+ 45. Kg6 a5 46.
Rd6 d4 47. f3 Kc7 48. Rd5 Kc6 49. e6 Rf8 50. Rxd4 b5 51. e7 Re8 52. Kf7 Rxe7+
53. Kxe7 b4 54. Rd1 b3 55. g3 a4 56. Rb1 Kd5 57. f4 gxf4 58. gxf4 Kc4 59. f5 a3
60. f6 a2 61. Rf1 b2 62. f7 b1=Q 63. f8=Q Qb7+ 64. Ke8 Qa8+ 65. Kf7 a1=Q 66.
Rxa1 Qxa1 67. Qxh6 Qa7+ 68. Kg8 Qa8+ 69. Kh7 Qe4+ 1/2-1/2

[Event "European Youth Chess Championship B18"]
[Site "Prague, Top Hotel Prague"]
[Date "2016.08.18"]
[Round "1.35"]
[White "Pulpan, Jakub"]
[Black "Vangsgaard, Bjarke"]
[Result "1-0"]
[WhiteElo "2321"]
[BlackElo "2034"]
[PlyCount "43"]
[EventDate "2016.08.18"]

1. e4 c6 2. d3 d5 3. Nd2 dxe4 4. dxe4 e5 5. Ngf3 Bg4 6. Bc4 Nf6 7. Bxf7+ Ke7 8.
Bb3 Nbd7 9. h3 Bxf3 10. Nxf3 Nc5 11. Qe2 Nxb3 12. axb3 Qd6 13. O-O h6 14. Be3
a6 15. b4 Qe6 16. Ra5 Nd7 17. Rd1 Rd8 18. Qd3 Ke8 19. Rxe5 Nxe5 20. Qxd8+ Kf7
21. Qc7+ Kf6 22. Nxe5 1-0

[Event "European Youth Chess Championship B18"]
[Site "Prague, Top Hotel Prague"]
[Date "2016.08.18"]
[Round "1.36"]
[White "Hons, Tomas"]
[Black "Toma, Radu-Cristian"]
[Result "0-1"]
[WhiteElo "2033"]
[BlackElo "2303"]
[PlyCount "72"]
[EventDate "2016.08.18"]

1. e4 c5 2. Nf3 e6 3. d4 cxd4 4. Nxd4 a6 5. Nc3 Qc7 6. Be2 Nf6 7. O-O Bb4 8.
Qd3 d6 9. a3 Bxc3 10. bxc3 Nbd7 11. Qg3 b6 12. c4 O-O 13. f3 b5 14. cxb5 Qc3
15. Nb3 Qxc2 16. Bd1 Qd3 17. Ra2 Ne5 18. Rd2 Qxb5 19. Rxd6 Nc4 20. Rd3 a5 21.
Qf2 a4 22. Nc5 Ra5 23. Nxa4 Ba6 24. Nc3 Qc6 25. Be2 Nxa3 26. Re3 Nc2 27. Bxa6
Nxe3 28. Bxe3 Rxa6 29. Rc1 Rc8 30. h3 Qa8 31. Bd4 Rac6 32. Qb2 Qa5 33. Ra1 Qd8
34. Nb5 Rb8 35. Bxf6 gxf6 36. Qe2 Qb6+ 0-1

[Event "European Youth Chess Championship B18"]
[Site "Prague, Top Hotel Prague"]
[Date "2016.08.18"]
[Round "1.37"]
[White "Filipets, Egor"]
[Black "Radulescu, Vlad-Alexandru"]
[Result "1/2-1/2"]
[WhiteElo "2301"]
[BlackElo "2029"]
[PlyCount "129"]
[EventDate "2016.08.18"]

1. Nf3 c5 2. g3 e6 3. c4 Nc6 4. Bg2 Nf6 5. O-O Be7 6. Nc3 O-O 7. d4 cxd4 8.
Nxd4 a6 9. b3 Qc7 10. Bb2 b6 11. Rc1 Bb7 12. Nd5 Qd8 13. Nxe7+ Qxe7 14. Qd2
Rab8 15. Nc2 Rfd8 16. Ba3 d6 17. Rfd1 Ne8 18. Qe3 b5 19. cxb5 axb5 20. Nb4 Nxb4
21. Bxb4 Bxg2 22. Kxg2 Ra8 23. a3 Nf6 24. Kg1 h6 25. Rc6 Qb7 26. Rcxd6 Rxd6 27.
Rxd6 Nd5 28. Qd2 Qc7 29. Kg2 Qb7 30. e4 Nf6 31. f3 Qc7 32. Rd3 Qb6 33. Qf2 Qc7
34. Qc5 Qb7 35. Qe7 Qb6 36. Qd6 Qb7 37. Bc3 Rc8 38. Bxf6 gxf6 39. Kh3 Kg7 40.
Qd7 Qxd7 41. Rxd7 Rc3 42. b4 Rxa3 43. Rb7 Rxf3 44. Kg4 Rf2 45. Rxb5 Rxh2 46.
Rb8 Rf2 47. b5 f5+ 48. exf5 Rxf5 49. b6 Rb5 50. Kf4 Kf6 51. b7 Rb4+ 52. Ke3 h5
53. Kd3 e5 54. Kc3 Rb1 55. Kc4 e4 56. Kd4 Kf5 57. Ke3 Rb3+ 58. Kd4 e3 59. Re8
Rxb7 60. Kxe3 Rb3+ 61. Kf2 Rb6 62. Kg2 Kg4 63. Re4+ Kg5 64. Kh3 f5 65. Re8
1/2-1/2

[Event "European Youth Chess Championship B18"]
[Site "Prague, Top Hotel Prague"]
[Date "2016.08.18"]
[Round "1.38"]
[White "Fossan, Andreas"]
[Black "Bakhmatsky, Vladislav"]
[Result "0-1"]
[WhiteElo "2023"]
[BlackElo "2296"]
[PlyCount "80"]
[EventDate "2016.08.18"]

1. d4 Nf6 2. c4 g6 3. Nc3 Bg7 4. e4 d6 5. Bd3 O-O 6. Nge2 Nbd7 7. O-O c5 8. d5
Ne5 9. f4 Nxd3 10. Qxd3 a6 11. a4 b6 12. h3 Bd7 13. Be3 Ne8 14. Ng3 Rb8 15.
Rab1 b5 16. axb5 axb5 17. b3 Nc7 18. e5 dxe5 19. f5 bxc4 20. bxc4 Na6 21. Nce4
Rxb1 22. Qxb1 gxf5 23. Nxf5 Bxf5 24. Rxf5 Qd7 25. Rh5 f5 26. Ng5 Rb8 27. Qf1
Qe8 28. g4 fxg4 29. Rh4 Qg6 30. Kh2 Rb2+ 31. Bf2 Qxg5 32. Rxg4 Qf6 33. Rg2 Nb4
34. Qa1 Rxf2 35. Qa8+ Qf8 36. Qb7 Qf4+ 37. Kh1 Rf1+ 38. Rg1 Qf3+ 39. Kh2 Rf2+
40. Rg2 Qxg2# 0-1

[Event "European Youth Chess Championship B18"]
[Site "Prague, Top Hotel Prague"]
[Date "2016.08.18"]
[Round "1.39"]
[White "Meunier, Clement"]
[Black "De, Block Yordi"]
[Result "1-0"]
[WhiteElo "2293"]
[BlackElo "2015"]
[PlyCount "101"]
[EventDate "2016.08.18"]

1. e4 c6 2. d4 d5 3. e5 Bf5 4. Nf3 e6 5. Be2 Nd7 6. Be3 Qb6 7. Qc1 Ne7 8. Nbd2
Bg6 9. c4 Nf5 10. c5 Qc7 11. Bf4 Be7 12. b4 Nh4 13. Nxh4 Bxh4 14. Qa3 O-O 15.
Qh3 Be7 16. O-O b6 17. a4 bxc5 18. bxc5 Rfb8 19. Qc3 a5 20. Ra3 Rb4 21. Nb3 Bd8
22. Bd2 Qb8 23. f4 Be4 24. Qe3 Rb7 25. Bf3 Bc2 26. Na1 Bg6 27. Nb3 Bc2 28. Bd1
Rxb3 29. Rxb3 Bxb3 30. Qxb3 Qxb3 31. Bxb3 Rb8 32. Rb1 f5 33. Kf2 h5 34. Kg3 Kf7
35. Bc2 Rxb1 36. Bxb1 g6 37. Bd3 Nb8 38. Kh3 Kg7 39. Be2 Kh6 40. Be1 g5 41.
fxg5+ Kg6 42. Bd2 f4 43. Bxf4 Bxg5 44. Bd3+ Kh6 45. Kg3 Nd7 46. h3 Nf8 47.
Bxg5+ Kxg5 48. h4+ Kh6 49. Ba6 Ng6 50. Bc8 Nf8 51. Kf3 1-0

[Event "European Youth Chess Championship B18"]
[Site "Prague, Top Hotel Prague"]
[Date "2016.08.18"]
[Round "1.40"]
[White "Scott, Luke"]
[Black "Hollan, Petr"]
[Result "0-1"]
[WhiteElo "2001"]
[BlackElo "2292"]
[PlyCount "66"]
[EventDate "2016.08.18"]

1. d4 Nf6 2. c4 e6 3. Nf3 Bb4+ 4. Bd2 Bxd2+ 5. Qxd2 O-O 6. Nc3 d5 7. e3 b6 8.
cxd5 exd5 9. Bd3 Bb7 10. O-O Nbd7 11. b4 a6 12. Rab1 Qe7 13. Rfc1 g6 14. Qe2 c6
15. a4 a5 16. b5 c5 17. dxc5 bxc5 18. Rd1 Nb6 19. Rbc1 Rfe8 20. Qc2 Rac8 21.
Be2 d4 22. exd4 cxd4 23. Nxd4 Ne4 24. Qb3 Nxc3 25. Rxc3 Bd5 26. Qc2 Rxc3 27.
Qxc3 Nxa4 28. Qxa5 Nb2 29. Re1 Nd3 30. Rd1 Qe4 31. Bf3 Qxd4 32. Bxd5 Qxd5 33.
Qc3 Qxb5 0-1

[Event "European Youth Chess Championship B18"]
[Site "Prague, Top Hotel Prague"]
[Date "2016.08.18"]
[Round "1.41"]
[White "Patrascu, Catalin-Lucian"]
[Black "Pein, Jonathan"]
[Result "1-0"]
[WhiteElo "2286"]
[BlackElo "1980"]
[PlyCount "71"]
[EventDate "2016.08.18"]

1. e4 d5 2. exd5 Qxd5 3. Nc3 Qa5 4. d4 Nf6 5. Nf3 Bf5 6. Ne5 c6 7. Nc4 Qc7 8.
g3 g6 9. Bf4 Qd8 10. Qe2 Bg4 11. f3 Be6 12. O-O-O Bg7 13. Ne4 b5 14. Ne5 O-O
15. Kb1 Qa5 16. a3 Qb6 17. Nc5 Bd5 18. Qe3 Rd8 19. Bg5 Na6 20. Ned3 Nc7 21. Bh3
Bc4 22. Ne5 Nfd5 23. Qf2 f6 24. Ned7 Qa5 25. Nb7 Qa6 26. Ndc5 Qb6 27. Nxd8 fxg5
28. Nde6 Nxe6 29. Bxe6+ Kh8 30. h4 b4 31. Bxd5 Bxd5 32. a4 g4 33. h5 Bxf3 34.
hxg6 Bxh1 35. Rxh1 h6 36. Qf7 1-0

[Event "European Youth Chess Championship B18"]
[Site "Prague, Top Hotel Prague"]
[Date "2016.08.18"]
[Round "1.42"]
[White "Ferreira, Hugo Miguel Da Cost"]
[Black "Rajkovic, Mladen"]
[Result "0-1"]
[WhiteElo "1975"]
[BlackElo "2286"]
[PlyCount "46"]
[EventDate "2016.08.18"]

1. d4 Nf6 2. Bg5 d5 3. e3 Ne4 4. Bh4 g5 5. Bg3 h5 6. f3 Nxg3 7. hxg3 c5 8. c3
Bg7 9. Nh3 e5 10. dxc5 Nc6 11. Bb5 Be6 12. Nd2 Qe7 13. Qe2 g4 14. Nf2 Qxc5 15.
Ba4 O-O-O 16. Nd3 Qb6 17. Bxc6 Qxc6 18. f4 f6 19. Nb3 Kb8 20. Ndc5 Bf5 21. Qf2
Bf8 22. Nd3 Bd6 23. Rc1 Qc4 0-1

[Event "European Youth Chess Championship B18"]
[Site "Prague, Top Hotel Prague"]
[Date "2016.08.18"]
[Round "1.43"]
[White "Winiarski, Mikolaj"]
[Black "Theocharous, Stelios"]
[Result "1-0"]
[WhiteElo "2285"]
[BlackElo "1972"]
[PlyCount "71"]
[EventDate "2016.08.18"]

1. e4 c5 2. Nf3 Nc6 3. d4 cxd4 4. Nxd4 Nf6 5. Nc3 e5 6. Ndb5 d6 7. Bg5 a6 8.
Na3 b5 9. Bxf6 gxf6 10. Nd5 f5 11. Bd3 Be6 12. O-O Bxd5 13. exd5 Ne7 14. c3 Bg7
15. Qh5 e4 16. Bc2 O-O 17. Rae1 Qc8 18. Bb3 Rb8 19. Nc2 a5 20. a3 Qc5 21. Kh1
Nxd5 22. Bxd5 Qxd5 23. Ne3 Qe6 24. Nxf5 Kh8 25. Qg4 Bf6 26. Rxe4 Qb3 27. Nxd6
Rbd8 28. Qf4 Bg7 29. Re7 Rxd6 30. Qxd6 Qxb2 31. Re3 Qb3 32. Rfe1 Kg8 33. h3 Qc2
34. Kg1 Qb2 35. Qc5 Qb3 36. Re8 1-0

[Event "European Youth Chess Championship B18"]
[Site "Prague, Top Hotel Prague"]
[Date "2016.08.18"]
[Round "1.44"]
[White "Caglar, Ahmet Ata"]
[Black "Karas, Marek"]
[Result "1-0"]
[WhiteElo "1968"]
[BlackElo "2278"]
[PlyCount "69"]
[EventDate "2016.08.18"]

1. d4 Nf6 2. c4 e6 3. Nc3 c5 4. d5 exd5 5. cxd5 d6 6. Nf3 g6 7. Bf4 a6 8. a4
Bg7 9. h3 O-O 10. e3 Re8 11. Be2 Nh5 12. Bh2 f5 13. Nd2 f4 14. O-O fxe3 15.
fxe3 Qg5 16. Bxh5 gxh5 17. Nde4 Qg6 18. Qf3 Nd7 19. Qg3 Nb6 20. Nf6+ Bxf6 21.
Rxf6 Qxg3 22. Bxg3 Nc4 23. b3 Nd2 24. Bxd6 Bd7 25. e4 Nxe4 26. Nxe4 Rxe4 27.
Raf1 Rae8 28. Rf7 Bc8 29. Rc7 Re1 30. Rxe1 Rxe1+ 31. Kf2 Re8 32. Bxc5 b5 33.
axb5 axb5 34. d6 Rd8 35. d7 1-0

[Event "European Youth Chess Championship B18"]
[Site "Prague, Top Hotel Prague"]
[Date "2016.08.18"]
[Round "1.45"]
[White "Havelka, Josef"]
[Black "Maes, Tibo"]
[Result "1-0"]
[WhiteElo "2277"]
[BlackElo "1950"]
[PlyCount "49"]
[EventDate "2016.08.18"]

1. e4 c5 2. Nf3 d6 3. d4 cxd4 4. Nxd4 Nf6 5. Nc3 a6 6. h3 e5 7. Nde2 Be7 8. g4
Be6 9. g5 Nh5 10. h4 Nd7 11. Nd5 Bxd5 12. Qxd5 Qc7 13. Nc3 Nb6 14. Qb3 Nf4 15.
Be3 Nd7 16. Bxf4 exf4 17. Nd5 Qc6 18. O-O-O Rc8 19. Bh3 Nc5 20. Qa3 Rb8 21.
Rhe1 b5 22. Qc3 b4 23. Qxg7 Rf8 24. Nxe7 Qa4 25. Nf5 1-0

[Event "European Youth Chess Championship B18"]
[Site "Prague, Top Hotel Prague"]
[Date "2016.08.18"]
[Round "1.46"]
[White "Lopez, Popov Ivan"]
[Black "Molenda, Marcin"]
[Result "0-1"]
[WhiteElo "1948"]
[BlackElo "2277"]
[PlyCount "70"]
[EventDate "2016.08.18"]

1. e4 c5 2. c3 Nf6 3. e5 Nd5 4. d4 e6 5. Nf3 cxd4 6. cxd4 b6 7. Bd3 Bb7 8. O-O
Be7 9. Nc3 Nxc3 10. bxc3 Qc7 11. Bd2 d6 12. Rc1 Nd7 13. Re1 O-O 14. Ng5 h6 15.
Qh5 dxe5 16. dxe5 Nc5 17. Bh7+ Kh8 18. Bc2 Qc6 19. f3 Qe8 20. Qh3 Rd8 21. Bf4
Nd3 22. Bxd3 Rxd3 23. Ne4 Bxe4 24. Rxe4 Kh7 25. Be3 Qc6 26. Qg3 Rfd8 27. Qe1
Ba3 28. Rb1 Rxc3 29. Rb3 Rxb3 30. axb3 Qc2 31. Rd4 Rxd4 32. Bxd4 Qxb3 33. Qe4+
g6 34. Kf2 Qd5 35. Qf4 Qxd4+ 0-1

[Event "European Youth Chess Championship B18"]
[Site "Prague, Top Hotel Prague"]
[Date "2016.08.18"]
[Round "1.47"]
[White "Fidalgo, Andre Neves"]
[Black "Sramek, Ondrej"]
[Result "1-0"]
[WhiteElo "2266"]
[BlackElo "1945"]
[PlyCount "73"]
[EventDate "2016.08.18"]

1. Nf3 Nf6 2. c4 g6 3. b4 Bg7 4. Bb2 O-O 5. g3 d6 6. Bg2 Nbd7 7. d4 a5 8. b5
Nb6 9. Nbd2 c6 10. a4 Be6 11. Rc1 h6 12. O-O cxb5 13. axb5 Qd7 14. Ba3 Rfc8 15.
c5 dxc5 16. dxc5 Nbd5 17. Qa4 Nb4 18. e4 Nd3 19. Rc2 Ng4 20. Nc4 Bxc4 21. Rxc4
Nge5 22. Nxe5 Nxe5 23. Rcc1 Qc7 24. Rfd1 Rd8 25. Rd5 b6 26. cxb6 Qxb6 27. Bc5
Qb7 28. Rxd8+ Rxd8 29. Qxa5 Rb8 30. b6 Nc6 31. Qb5 Nd4 32. Qc4 e5 33. Ra1 Ra8
34. Rb1 Rc8 35. Qd5 Rc6 36. Bxd4 exd4 37. e5 1-0

[Event "European Youth Chess Championship B18"]
[Site "Prague, Top Hotel Prague"]
[Date "2016.08.18"]
[Round "1.48"]
[White "Lukic, Lazar"]
[Black "Egri, Laszlo Jr"]
[Result "0-1"]
[WhiteElo "1939"]
[BlackElo "2257"]
[PlyCount "112"]
[EventDate "2016.08.18"]

1. e4 c5 2. d3 Nc6 3. g3 g6 4. Bg2 Bg7 5. f4 e6 6. Nf3 Nge7 7. O-O d5 8. c3 O-O
9. Na3 b6 10. Nc2 Ba6 11. Re1 Qd7 12. e5 Rac8 13. d4 Na5 14. Ne3 Rc7 15. Bf1
Bxf1 16. Rxf1 Rfc8 17. g4 cxd4 18. Nxd4 Nc4 19. h4 f6 20. exf6 Bxf6 21. h5 Nd6
22. hxg6 hxg6 23. g5 Bg7 24. Ng4 Nef5 25. Ne5 Bxe5 26. fxe5 Ne4 27. Nxf5 exf5
28. Bf4 Qe6 29. Kg2 Rc4 30. Rf3 Rd8 31. Qh1 Rd7 32. Rh3 Rg7 33. Rh8+ Kf7 34.
Qh4 Nc5 35. Rf1 Nd3 36. Ra8 Qe7 37. b3 Re4 38. Rf3 Ne1+ 39. Kg3 Nxf3 40. Kxf3
d4 41. cxd4 Qb7 42. Qh8 Rxd4+ 43. Kg3 Ke6 44. Re8+ Kd5 45. Rd8+ Rd7 46. Qh1+
Re4 47. Rg8 Kc5 48. Qc1+ Kb5 49. a4+ Kb4 50. Rc8 Rd3+ 51. Kf2 Rf3+ 52. Kxf3
Rc4+ 53. Kg3 Rxc1 54. Rxc1 Kxb3 55. e6 Qe4 56. Rc7 Qxe6 0-1

[Event "European Youth Chess Championship B18"]
[Site "Prague, Top Hotel Prague"]
[Date "2016.08.18"]
[Round "1.49"]
[White "Tokranovs, Dmitrijs"]
[Black "Rajic, Ivan"]
[Result "1-0"]
[WhiteElo "2257"]
[BlackElo "1922"]
[PlyCount "73"]
[EventDate "2016.08.18"]

1. e4 c5 2. c3 d5 3. exd5 Qxd5 4. d4 Nc6 5. Nf3 Bg4 6. dxc5 Qxd1+ 7. Kxd1 e5 8.
b4 a5 9. b5 e4 10. h3 exf3 11. hxg4 O-O-O+ 12. Kc2 Ne5 13. Bf4 fxg2 14. Bxg2
Nd3 15. Be3 Bxc5 16. Bxc5 Nxc5 17. Nd2 Nf6 18. g5 Nd5 19. Nc4 Nf4 20. Bf3 a4
21. Rh4 Ng6 22. Rh2 Kc7 23. Ne3 Ne6 24. Rg1 Ne5 25. Be4 Nc5 26. Bd5 Rd6 27. c4
Ncd3 28. Kc3 Nf4 29. Re1 f6 30. gxf6 gxf6 31. Rh6 Neg6 32. Reh1 Rd7 33. Be4 Re8
34. Bf5 Rg7 35. Rxh7 Reg8 36. Bxg6 Nxg6 37. Nd5+ 1-0

[Event "European Youth Chess Championship B18"]
[Site "Prague, Top Hotel Prague"]
[Date "2016.08.18"]
[Round "1.50"]
[White "Oztekin, Kerem Can"]
[Black "Hollan, Martin"]
[Result "1-0"]
[WhiteElo "1910"]
[BlackElo "2256"]
[PlyCount "43"]
[EventDate "2016.08.18"]

1. e4 c5 2. Nf3 e6 3. d4 cxd4 4. Nxd4 Nc6 5. Nc3 Qc7 6. g3 Nf6 7. Bg2 Nxd4 8.
Qxd4 Bc5 9. Qd1 d6 10. O-O Bd7 11. Bg5 Bc6 12. Qe2 O-O-O 13. Rfe1 h6 14. Bxf6
gxf6 15. Rab1 Bb4 16. Nb5 Bxb5 17. Qxb5 Bc5 18. b4 Bb6 19. Re2 Kb8 20. a4 e5
21. a5 Bd4 22. Rb3 1-0

[Event "European Youth Chess Championship B18"]
[Site "Prague, Top Hotel Prague"]
[Date "2016.08.18"]
[Round "1.51"]
[White "Nikolovski, Nikola"]
[Black "Kilic, Cihan"]
[Result "1-0"]
[WhiteElo "2252"]
[BlackElo "1893"]
[PlyCount "63"]
[EventDate "2016.08.18"]

1. e4 c6 2. Nc3 d5 3. Nf3 dxe4 4. Nxe4 Nf6 5. Nxf6+ exf6 6. d4 Bd6 7. Be3 Bg4
8. h3 Bh5 9. Qd2 O-O 10. O-O-O Re8 11. Bd3 a5 12. g4 Bg6 13. c3 Nd7 14. h4 Qc7
15. h5 Be4 16. Rh3 b5 17. Rg1 Nb6 18. Bxe4 Rxe4 19. Qd3 Rae8 20. g5 f5 21. g6
h6 22. gxf7+ Qxf7 23. Bxh6 Rg4 24. Be3 Qxa2 25. Qxf5 Rxg1+ 26. Nxg1 Na4 27. Qb1
Qc4 28. h6 Re7 29. Qf5 Rf7 30. Qg6 Be7 31. Rf3 Nxc3 32. Qxf7+ 1-0

[Event "European Youth Chess Championship B18"]
[Site "Prague, Top Hotel Prague"]
[Date "2016.08.18"]
[Round "1.52"]
[White "Tirziman, Rudolf"]
[Black "Carnicelli, Valerio"]
[Result "0-1"]
[WhiteElo "1884"]
[BlackElo "2244"]
[PlyCount "52"]
[EventDate "2016.08.18"]

1. e4 e5 2. Nf3 Nc6 3. d4 exd4 4. Bc4 Bc5 5. c3 Nf6 6. cxd4 Bb4+ 7. Bd2 Bxd2+
8. Nbxd2 d5 9. exd5 Nxd5 10. Qb3 Nce7 11. O-O O-O 12. Rfe1 c6 13. Ne4 Qb6 14.
Nc5 Qxb3 15. Bxb3 Rd8 16. Ne4 h6 17. h3 b6 18. Ne5 Be6 19. Rac1 Rac8 20. Ba4 b5
21. Bb3 Nf4 22. Nc5 Bxb3 23. axb3 Nf5 24. Ra1 Nxd4 25. Rxa7 Rd5 26. b4 Nfe2+
0-1